LIBRARY & INFORMATION CENTRE, KCAET, TAVANUR

ONLINE PUBLIC ACCESS CATALOGUE (OPAC)

Development and evluation of Greenhouse automation system using microcontroller (Record no. 15712)

MARC details
000 -LEADER
fixed length control field 00463nam a22001577a 4500
003 - CONTROL NUMBER IDENTIFIER
control field OSt
082 ## - DEWEY DECIMAL CLASSIFICATION NUMBER
Classification number 631.587
Item number AAR/D
088 ## - REPORT NUMBER
Report number P 445
100 ## - MAIN ENTRY--AUTHOR NAME
Personal name Aardra K
100 ## - MAIN ENTRY--AUTHOR NAME
Personal name Sandeep Kumar Ray
100 ## - MAIN ENTRY--AUTHOR NAME
Personal name Shili K
245 ## - TITLE STATEMENT
Title Development and evluation of Greenhouse automation system using microcontroller
260 ## - PUBLICATION, DISTRIBUTION, ETC. (IMPRINT)
Place of publication Tavanur
Name of publisher Department of Soil and Water Conservation Engineering
Year of publication 2019
700 ## - ADDED ENTRY--PERSONAL NAME
Personal name Jinu A (Guide)
942 ## - ADDED ENTRY ELEMENTS (KOHA)
Koha item type Project Report
Holdings
Collection code Home library Current library Shelving location Full call number Accession Number Koha item type
Reference KAUAET KAUAET Reference 631.587 AAR/D P 445 Project Report
free website counter